| 000 | 00580nam a22001817a 4500 | ||
|---|---|---|---|
| 003 | OSt | ||
| 005 | 20140310182024.0 | ||
| 008 | 130801t xxu||||| |||| 00| 0 eng d | ||
| 050 |
_aBT 135 _b.Ou93 199- |
||
| 082 |
_aTR 231.7 _bOu7 199- |
||
| 245 |
_aOur God gives life : _bWord of Joy presents. A children's activity book. / |
||
| 260 |
_a[S.l.] : _b[Henry & Harvey], _c [199_] |
||
| 300 |
_a25 p. : _bill. ; _c28 cm. |
||
| 650 |
_aCreation _xStudy and teaching (Primary). _97239 |
||
| 650 |
_aFive senses _xActivity programs. _97240 |
||
| 942 |
_2lcc _cBK-TR |
||
| 999 |
_c8419 _d8419 |
||